[Event "Wch Blitz 9th"]
[Site "Berlin"]
[Date "2015.10.14"]
[Round "17"]
[White "Kulon, Klaudia"]
[Black "Seirawan, Yasser"]
[Result "1-0"]
[WhiteElo "2324"]
[BlackElo "2620"]
[PlyCount "129"]
[EventDate "2015.10.13"]
[EventType "swiss (blitz)"]
[EventRounds "21"]
[EventCountry "GER"]
[SourceTitle "CBM 168 Extra"]
[Source "ChessBase"]
[SourceDate "2015.10.29"]
[SourceVersion "1"]
[SourceVersionDate "2015.10.29"]
[SourceQuality "1"]

1. e4 c6 2. d4 d5 3. Nc3 dxe4 4. Nxe4 Nf6 5. Ng3 Bg4 6. f3 Be6 7. c3 g6 8. Bd3 Bg7 9. N1e2 0-0 10. Nf4 Bc8 11. 0-0 Nbd7 12. Re1 Re8 13. Bc4 e6 14. Nd3 b6 15. Bf4 Bb7 16. Qd2 c5 17. dxc5 Nxc5 18. Nxc5 Qxd2 19. Bxd2 bxc5 20. Be3 Rec8 21. Red1 Nd5 22. Bf2 Nb6 23. Bb3 Bd5 24. Bc2 Nc4 25. Rab1 Nb6 26. Ne4 Bxa2 27. Ra1 Bd5 28. Nxc5 Nc4 29. Nd3 a5 30. Ra4 Rab8 31. b3 Nb6 32. Bxb6 Rxb6 33. c4 Bb7 34. Rxa5 Bd4+ 35. Kf1 Kg7 36. f4 Bc3 37. Ra2 Be4 38. Ke2 Bxg2 39. Ne5 Bxe5 40. fxe5 Rc5 41. Kf2 Bh3 42. Re1 Bf5 43. Bd1 f6 44. exf6+ Kxf6 45. Re3 e5 46. Bf3 h5 47. Bd5 h4 48. Ra7 Rc8 49. Rf7+ Kg5 50. Ra7 e4 51. Ra5 Kf4 52. c5 Rb4 53. Bc4 Rc7 54. Re1 g5 55. Ke2 Bg4+ 56. Kd2 Bf3 57. Kc3 Rb8 58. b4 g4 59. Bd5 g3 60. hxg3+ hxg3 61. Ra6 g2 62. Re6 Rg7 63. Rg1 Ke3 64. c6 Kf2 65. Rc1 1-0

[Event "Wch Blitz 9th"]
[Site "Berlin"]
[Date "2015.10.14"]
[Round "14"]
[White "Seirawan, Yasser"]
[Black "Abel, Dennes"]
[Result "0-1"]
[WhiteElo "2620"]
[BlackElo "2441"]
[PlyCount "150"]
[EventDate "2015.10.13"]
[EventType "swiss (blitz)"]
[EventRounds "21"]
[EventCountry "GER"]
[SourceTitle "CBM 168 Extra"]
[Source "ChessBase"]
[SourceDate "2015.10.29"]
[SourceVersion "1"]
[SourceVersionDate "2015.10.29"]
[SourceQuality "1"]

1. c4 c6 2. e4 d5 3. exd5 cxd5 4. cxd5 Nf6 5. Qa4+ Nbd7 6. Nc3 g6 7. Bc4 a6 8. d3 Bg7 9. Be3 0-0 10. Qa3 Nb6 11. Qb3 Nxc4 12. dxc4 b5 13. cxb5 axb5 14. Rd1 b4 15. Qxb4 Ba6 16. Nge2 Qd7 17. Rd2 Rfb8 18. Qf4 Nh5 19. Qe4 Bxc3 20. Nxc3 Nf6 21. Qd4 Ng4 22. h3 Nxe3 23. fxe3 Qd6 24. Kf2 Rb4 25. Rhd1 Rxd4 26. Rxd4 Rb8 27. R1d2 h5 28. a3 Rc8 29. Ne4 Qe5 30. b4 Rc4 31. Nc5 Rxd4 32. Rxd4 Qf5+ 33. Kg1 Bc8 34. a4 Qe5 35. Kf2 Qf6+ 36. Kg1 Qe5 37. Kf2 Qf5+ 38. Kg1 Qb1+ 39. Kf2 Qb2+ 40. Kf3 g5 41. a5 g4+ 42. hxg4 Bxg4+ 43. Kg3 Qe2 44. Re4 Qe1+ 45. Kh2 Bf5 46. Re5 Qxb4 47. Rxf5 Qxc5 48. Rg5+ Kf8 49. Rxh5 Qxa5 50. e4 Qc7+ 51. Kh3 Qf4 52. Rh4 Qe3+ 53. Kh2 Kg7 54. g3 Qf2+ 55. Kh3 Qf1+ 56. Kh2 Qe2+ 57. Kh3 f6 58. Rf4 Kg6 59. Rg4+ Kh5 60. Rh4+ Kg5 61. Rf4 Qd2 62. Rg4+ Kh5 63. Rh4+ Kg6 64. Rg4+ Kf7 65. Rf4 Qd3 66. Kg2 Ke8 67. Kh2 Kd7 68. Kg2 Kd6 69. Rh4 Ke5 70. Rf4 Qd2+ 71. Kf3 Qd3+ 72. Kf2 Qxe4 73. Rxe4+ Kxe4 74. Ke2 Kxd5 75. g4 Ke4 0-1

[Event "Wch Blitz 9th"]
[Site "Berlin"]
[Date "2015.10.13"]
[Round "8"]
[White "Rakhmanov, Alexander"]
[Black "Seirawan, Yasser"]
[Result "0-1"]
[WhiteElo "2637"]
[BlackElo "2620"]
[PlyCount "97"]
[EventDate "2015.10.13"]
[EventType "swiss (blitz)"]
[EventRounds "21"]
[EventCountry "GER"]
[SourceTitle "CBM 168 Extra"]
[Source "ChessBase"]
[SourceDate "2015.10.29"]
[SourceVersion "1"]
[SourceVersionDate "2015.10.29"]
[SourceQuality "1"]

1. c4 e5 2. Nf3 e4 3. Nd4 Nc6 4. Nxc6 dxc6 5. Nc3 Nf6 6. e3 Bf5 7. Qb3 b6 8. Qc2 Qd7 9. b3 Be7 10. h3 h5 11. Bb2 0-0-0 12. a3 Kb7 13. b4 h4 14. c5 Rh5 15. Ne2 Bh7 16. Nd4 bxc5 17. bxc5 Bxc5 18. Qa4 Bb6 19. Ba6+ Ka8 20. Qxc6+ Qxc6 21. Nxc6 Rd6 22. Rc1 Bf5 23. Be2 Rg5 24. Rh2 Bd7 25. Ne5 Ba5 26. Nc4 Rc6 27. Nxa5 Rxc1+ 28. Bxc1 Rxa5 29. d3 Rb5 30. dxe4 Rb1 31. Kd2 Nxe4+ 32. Kc2 Rb8 33. f3 Ba4+ 34. Kd3 Ng3 35. e4 Bb5+ 36. Kc2 Bxe2 37. Bf4 f6 38. Bxg3 hxg3 39. Rh1 Rd8 40. h4 Rd3 41. Rh3 Rxa3 42. Rxg3 Bf1 43. Rxg7 Ra2+ 44. Kc3 Bxg2 45. h5 Bxf3 46. h6 Bxe4 47. Kd4 Bb1 48. Rxc7 Rh2 49. Rc1 0-1

[Event "Wch Rapid"]
[Site "Berlin"]
[Date "2015.10.12"]
[Round "12"]
[White "Seirawan, Yasser"]
[Black "Al Sayed, Mohammed"]
[Result "1/2-1/2"]
[WhiteElo "2620"]
[BlackElo "2520"]
[PlyCount "104"]
[EventDate "2015.10.10"]
[EventType "swiss (rapid)"]
[EventRounds "15"]
[EventCountry "GER"]
[SourceTitle "CBM 168 Extra"]
[Source "ChessBase"]
[SourceDate "2015.10.29"]
[SourceVersion "1"]
[SourceVersionDate "2015.10.29"]
[SourceQuality "1"]

1. d4 Nf6 2. c4 g6 3. Nc3 Bg7 4. e4 d6 5. Bd3 0-0 6. Nge2 Nc6 7. 0-0 e5 8. d5 Nd4 9. Bg5 c5 10. Qd2 Qa5 11. Nxd4 cxd4 12. Nb5 Qxd2 13. Bxd2 Rd8 14. b4 a6 15. Nc7 Rb8 16. c5 Rd7 17. Nxa6 bxa6 18. c6 Ra7 19. a4 Ne8 20. Rfb1 Bf6 21. b5 Bd8 22. bxa6 Rba8 23. Rb7 Nc7 24. Ba5 Bxb7 25. cxb7 Rb8 26. Bxc7 Bxc7 27. Rc1 Raxb7 28. axb7 Rxb7 29. Kf1 Kf8 30. Bb5 Ke7 31. Ke2 Ba5 32. Rc8 Rc7 33. Re8+ Kf6 34. Bc6 Ra7 35. Kd3 h5 36. f3 h4 37. Rh8 Kg5 38. g3 hxg3 39. hxg3 Kf6 40. f4 Be1 41. fxe5+ Kxe5 42. Re8+ Kf6 43. e5+ dxe5 44. d6 Ba5 45. d7 Ra6 46. Bb5 Rd6 47. Ra8 Bc7 48. Rc8 Bb6 49. Rb8 Ba5 50. Ra8 Bc7 51. Rc8 Ba5 52. Ra8 Bc7 1/2-1/2

[Event "Wch Rapid"]
[Site "Berlin"]
[Date "2015.10.10"]
[Round "4"]
[White "Seirawan, Yasser"]
[Black "Bacrot, Etienne"]
[Result "0-1"]
[WhiteElo "2620"]
[BlackElo "2697"]
[PlyCount "51"]
[EventDate "2015.10.10"]
[EventType "swiss (rapid)"]
[EventRounds "15"]
[EventCountry "GER"]
[SourceTitle "CBM 168 Extra"]
[Source "ChessBase"]
[SourceDate "2015.10.29"]
[SourceVersion "1"]
[SourceVersionDate "2015.10.29"]
[SourceQuality "1"]

1. d4 Nf6 2. c4 e6 3. Nc3 d5 4. Bg5 Be7 5. e3 h6 6. Bh4 b6 7. Nf3 0-0 8. Rc1 Bb7 9. cxd5 exd5 10. Bd3 Nbd7 11. 0-0 c5 12. Qe2 Ne4 13. Bxe7 Qxe7 14. Ba6 Ndf6 15. Bxb7 Qxb7 16. dxc5 bxc5 17. Nxe4 Nxe4 18. Rc2 Rfe8 19. Qd3 Rad8 20. h3 Qb6 21. Nd2 c4 22. Qe2 d4 23. Nxc4 d3 24. Qf3 Ng5 25. Qf5 g6 26. Nxb6 0-1

[Event "US Open-113"]
[Site "Vancouver"]
[Date "2012.08.09"]
[Round "6"]
[White "Seirawan, Yasser"]
[Black "Norowitz, Yaacov"]
[Result "1/2-1/2"]
[WhiteElo "2674"]
[BlackElo "2569"]
[PlyCount "29"]
[EventDate "2012.08.04"]
[EventType "swiss"]
[EventRounds "9"]
[EventCountry "USA"]
[SourceTitle "CBM 149 Extra"]
[Source "ChessBase"]
[SourceDate "2012.08.24"]
[SourceVersion "1"]
[SourceVersionDate "2012.08.24"]
[SourceQuality "1"]

1. d4 d5 2. c4 e6 3. Nc3 Be7 4. cxd5 exd5 5. Bf4 c6 6. Qc2 g6 7. e3 Bf5 8. Bd3 Bxd3 9. Qxd3 Nf6 10. Nf3 Nbd7 11. h3 0-0 12. 0-0 Re8 13. Qc2 a5 14. a3 Qb6 15. Ne5 1/2-1/2

[Event "US Open-113"]
[Site "Vancouver"]
[Date "2012.08.04"]
[Round "1"]
[White "Parsons, Michael A"]
[Black "Seirawan, Yasser"]
[Result "0-1"]
[WhiteElo "1991"]
[BlackElo "2620"]
[PlyCount "66"]
[EventDate "2012.08.04"]
[EventType "swiss"]
[EventRounds "9"]
[EventCountry "USA"]
[SourceTitle "CBM 149 Extra"]
[Source "ChessBase"]
[SourceDate "2012.08.24"]
[SourceVersion "1"]
[SourceVersionDate "2012.08.24"]
[SourceQuality "1"]

1. e4 c5 2. Nf3 e6 3. d4 cxd4 4. Nxd4 Nc6 5. Nb5 d6 6. Bf4 Ne5 7. N1c3 a6 8. Bxe5 dxe5 9. Qxd8+ Kxd8 10. 0-0-0+ Bd7 11. Nd6 Bxd6 12. Rxd6 Ke7 13. Rd2 Nf6 14. Be2 g5 15. Bd3 Bc6 16. Re1 g4 17. b3 Rag8 18. Nd1 Rg5 19. Ne3 Bxe4 20. Nc4 Bxd3 21. cxd3 Rc8 22. Kb2 Rh5 23. Nxe5 Rxh2 24. g3 h5 25. Nc4 Nd5 26. Rg1 f6 27. a3 Rg8 28. Re2 h4 29. Rge1 hxg3 30. Rxe6+ Kf7 31. Nd6+ Kg6 32. R1e4 Rxf2+ 33. Kc1 Nf4 0-1

[Event "Saint Louis m blitz"]
[Site "Saint Louis"]
[Date "2012.06.13"]
[Round "7"]
[White "Karpov, Anatoly"]
[Black "Seirawan, Yasser"]
[Result "1-0"]
[WhiteElo "2615"]
[BlackElo "2643"]
[PlyCount "87"]
[EventDate "2012.06.13"]
[EventType "match (blitz)"]
[EventRounds "10"]
[EventCountry "USA"]
[SourceTitle "CBM 148 Extra"]
[Source "ChessBase"]
[SourceDate "2012.06.22"]
[SourceVersion "1"]
[SourceVersionDate "2012.06.22"]
[SourceQuality "1"]

1. d4 d6 2. Nf3 g6 3. g3 Bg7 4. Bg2 Bd7 5. e4 Qc8 6. 0-0 Bh3 7. Qe2 Bxg2 8. Kxg2 e6 9. c3 Ne7 10. Na3 0-0 11. e5 Nbc6 12. Nc4 Qd7 13. a4 Nd5 14. h4 f6 15. exf6 Rxf6 16. Nh2 Raf8 17. Ng4 Rf3 18. Nh6+ Kh8 19. Bg5 e5 20. Nd2 R3f6 21. Qb5 Qe6 22. Rae1 Nb6 23. a5 a6 24. Qe2 Qd5+ 25. Qe4 Qxa5 26. Bxf6 Rxf6 27. Ng4 Rf5 28. dxe5 dxe5 29. Nf3 Qb5 30. Ne3 Rf8 31. Qc2 Ne7 32. Rd1 Qc6 33. Qe2 Nf5 34. Nxf5 Rxf5 35. Rfe1 Qe8 36. Qe4 c6 37. Ng5 h6 38. Nh3 Nd5 39. c4 Nf6 40. Qd3 Qf7 41. f3 b5 42. b3 bxc4 43. Qxc4 Qb7 44. g4 1-0

[Event "Saint Louis m blitz"]
[Site "Saint Louis"]
[Date "2012.06.13"]
[Round "9"]
[White "Karpov, Anatoly"]
[Black "Seirawan, Yasser"]
[Result "0-1"]
[WhiteElo "2615"]
[BlackElo "2643"]
[PlyCount "107"]
[EventDate "2012.06.13"]
[EventType "match (blitz)"]
[EventRounds "10"]
[EventCountry "USA"]
[SourceTitle "CBM 148 Extra"]
[Source "ChessBase"]
[SourceDate "2012.06.22"]
[SourceVersion "1"]
[SourceVersionDate "2012.06.22"]
[SourceQuality "1"]

1. d4 Nf6 2. c4 c5 3. d5 b5 4. cxb5 a6 5. bxa6 g6 6. Nc3 Bxa6 7. e4 Bxf1 8. Kxf1 d6 9. Nf3 Bg7 10. h3 0-0 11. Kg1 Nbd7 12. Kh2 Qa5 13. Re1 Rfb8 14. Qc2 Ne8 15. Bd2 Nc7 16. b3 Qa3 17. Bc1 Qb4 18. Bd2 Ne5 19. Nxe5 Bxe5+ 20. f4 Bg7 21. Na4 Qb7 22. Bc3 Nb5 23. Bxg7 Kxg7 24. Rad1 Nd4 25. Qc3 Kg8 26. Re3 Qb4 27. Qxb4 Rxb4 28. Rd2 Kf8 29. Nc3 f5 30. e5 Rb7 31. g4 Kf7 32. Kg3 h6 33. Ne2 Nb5 34. Ng1 Rba7 35. a4 Nd4 36. Nf3 Nxf3 37. Kxf3 Rb7 38. exd6 exd6 39. Rde2 Rab8 40. Kg2 Rd7 41. g5 Rb4 42. Kf3 hxg5 43. fxg5 Rdb7 44. Re6 Rxb3+ 45. Kf2 Rxh3 46. a5 Rh2+ 47. Kg3 Rxe2 48. Rxe2 Rb3+ 49. Kf2 Ra3 50. Re6 Rxa5 51. Rxd6 c4 52. Ke3 c3 53. Kd4 Rc5 54. Ke5 0-1

[Event "Saint Louis m blitz"]
[Site "Saint Louis"]
[Date "2012.06.13"]
[Round "2"]
[White "Seirawan, Yasser"]
[Black "Karpov, Anatoly"]
[Result "1/2-1/2"]
[WhiteElo "2643"]
[BlackElo "2615"]
[PlyCount "72"]
[EventDate "2012.06.13"]
[EventType "match (blitz)"]
[EventRounds "10"]
[EventCountry "USA"]
[SourceTitle "CBM 148 Extra"]
[Source "ChessBase"]
[SourceDate "2012.06.22"]
[SourceVersion "1"]
[SourceVersionDate "2012.06.22"]
[SourceQuality "1"]

1. c4 e6 2. Nc3 d5 3. d4 Nf6 4. Bg5 Be7 5. e3 h6 6. Bh4 b6 7. cxd5 Nxd5 8. Bxe7 Qxe7 9. Nxd5 exd5 10. Ne2 Ba6 11. Nc3 Bxf1 12. Kxf1 c6 13. g3 0-0 14. Kg2 Nd7 15. Qd3 Nf6 16. Rac1 Rfd8 17. Rc2 c5 18. dxc5 bxc5 19. Na4 Rac8 20. Rhc1 Ne4 21. Nc3 Nxc3 22. Rxc3 Rc6 23. b3 h5 24. h4 g6 25. R3c2 a5 26. Kg1 Qc7 27. Qb5 Rb8 28. Qe2 a4 29. Qd3 axb3 30. axb3 Qd6 31. Rd1 d4 32. Qe4 Qe6 33. Qxe6 Rxe6 34. exd4 cxd4 35. Rd3 Re1+ 36. Kg2 Rb1 1/2-1/2

[Event "Saint Louis m"]
[Site "Saint Louis"]
[Date "2012.06.10"]
[Round "1"]
[White "Karpov, Anatoly"]
[Black "Seirawan, Yasser"]
[Result "1/2-1/2"]
[WhiteElo "2615"]
[BlackElo "2643"]
[PlyCount "134"]
[EventDate "2012.06.10"]
[EventType "match"]
[EventRounds "2"]
[EventCountry "USA"]
[SourceTitle "CBM 148 Extra"]
[Source "ChessBase"]
[SourceDate "2012.06.22"]
[SourceVersion "1"]
[SourceVersionDate "2012.06.22"]
[SourceQuality "1"]

1. d4 d5 2. c4 c6 3. Nf3 Nf6 4. e3 Bg4 5. h3 Bxf3 6. Qxf3 e6 7. Nc3 Nbd7 8. Bd3 g6 9. 0-0 Bg7 10. Rd1 0-0 11. Qe2 Re8 12. Bd2 a6 13. Rac1 Qe7 14. Be1 Rad8 15. Qc2 Qd6 16. Bf1 Qb8 17. Qb1 Nb6 18. b3 Nc8 19. Bd3 Nd6 20. a4 Nd7 21. c5 Nc8 22. Bf1 Ne7 23. b4 e5 24. dxe5 Bxe5 25. Ne2 Nf5 26. b5 axb5 27. axb5 Qc7 28. Rd3 Ra8 29. Qc2 Ng7 30. Nd4 Ne6 31. Nxe6 Rxe6 32. Rb3 Bg7 33. Bb4 Ree8 34. Rcb1 Ra4 35. Ra3 Rxa3 36. Bxa3 Ra8 37. Bb4 Qe5 38. g3 Nf8 39. Rb3 Qa1 40. Rb1 Qa2 41. Qxa2 Rxa2 42. Be1 Bb2 43. bxc6 bxc6 44. Rd1 Ba3 45. Rb1 Bb2 46. Rd1 Ba3 47. Rb1 Bxc5 48. Rb8 Rc2 49. Bd3 Rc1 50. Kf1 Bd6 51. Rb1 Rxb1 52. Bxb1 Ne6 53. Bc2 Kf8 54. Ba4 c5 55. Bc6 d4 56. exd4 Nxd4 57. Bd5 Ke7 58. Bc3 Nb5 59. Bb2 Nc7 60. Bb3 f6 61. f4 h5 62. h4 Ne6 63. Kg2 Bc7 64. Bc3 Nd4 65. Bxd4 cxd4 66. Bc4 Ba5 67. Kf2 Bd2 1/2-1/2

[Event "USA-ch"]
[Site "Saint Louis"]
[Date "2012.05.15"]
[Round "7"]
[White "Lenderman, Aleksandr"]
[Black "Seirawan, Yasser"]
[Result "1/2-1/2"]
[WhiteElo "2587"]
[BlackElo "2643"]
[PlyCount "105"]
[EventDate "2012.05.08"]
[EventType "tourn"]
[EventRounds "11"]
[EventCountry "USA"]
[EventCategory "16"]
[SourceTitle "CBM 149"]
[Source "ChessBase"]
[SourceDate "2012.07.17"]
[SourceVersion "1"]
[SourceVersionDate "2012.07.17"]
[SourceQuality "1"]

1. d4 Nf6 2. c4 e6 3. Nf3 d5 4. Nc3 Nbd7 5. Bg5 h6 6. Bh4 Be7 7. e3 0-0 8. Rc1 a6 9. c5 Ne4 10. Bxe7 Qxe7 11. Nxe4 dxe4 12. Nd2 Nf6 13. Nc4 Bd7 14. Ne5 Bb5 15. Qc2 Bxf1 16. Kxf1 Qd8 17. h4 h5 18. Qe2 g6 19. g4 hxg4 20. h5 g5 21. h6 Kh7 22. b3 Qe7 23. c6 b6 24. Nd7 Rg8 25. Nxf6+ Qxf6 26. Qxg4 Qf3 27. Qxf3 exf3 28. Ke1 Rad8 29. Kd2 Rd6 30. Kd3 f5 31. Rh5 e5 32. Rg1 e4+ 33. Kc4 Rxc6+ 34. Kd5 Rc2 35. Rhxg5 Rxg5 36. Rxg5 Rxa2 37. Rxf5 Rxf2 38. Kxe4 Kxh6 39. Rf6+ Kg5 40. Rc6 Rb2 41. Kxf3 Rxb3 42. Ke4 a5 43. Rxc7 Kf6 44. Kf4 Ke6 45. e4 Kd6 46. Rh7 a4 47. e5+ Kd5 48. Rd7+ Kc6 49. Ra7 b5 50. Ke4 Kb6 51. Ra8 Kb7 52. Ra5 Kb6 53. Ra8 1/2-1/2

[Event "USA-ch"]
[Site "Saint Louis"]
[Date "2012.05.10"]
[Round "3"]
[White "Shulman, Yuri"]
[Black "Seirawan, Yasser"]
[Result "1-0"]
[WhiteElo "2571"]
[BlackElo "2643"]
[PlyCount "83"]
[EventDate "2012.05.08"]
[EventType "tourn"]
[EventRounds "11"]
[EventCountry "USA"]
[EventCategory "16"]
[SourceTitle "CBM 149"]
[Source "ChessBase"]
[SourceDate "2012.07.17"]
[SourceVersion "1"]
[SourceVersionDate "2012.07.17"]
[SourceQuality "1"]

1. d4 Nf6 2. c4 e6 3. Nf3 b6 4. g3 Bb7 5. Bg2 Be7 6. 0-0 0-0 7. d5 exd5 8. Nh4 c6 9. cxd5 Nxd5 10. Nf5 Nc7 11. e4 d6 12. Bf4 Ne8 13. Nc3 Na6 14. Qd2 Nc5 15. Rfd1 Ne6 16. Nxe7+ Qxe7 17. Bxd6 Nxd6 18. Qxd6 Qxd6 19. Rxd6 Rfd8 20. Rad1 Rxd6 21. Rxd6 Rd8 22. Rxd8+ Nxd8 23. e5 Kf8 24. f4 Bc8 25. Kf2 Ke7 26. Ke3 f6 27. exf6+ Kxf6 28. a3 h6 29. Bf3 Bd7 30. h4 Nf7 31. g4 Ke7 32. Ne4 c5 33. Ng3 Nd6 34. Be2 Be6 35. Ne4 Nxe4 36. Kxe4 Kd6 37. g5 Bg8 38. gxh6 Bh7+ 39. f5 gxh6 40. Bc4 Ke7 41. Ke5 Kf8 42. Kf6 1-0

[Event "USA-ch"]
[Site "Saint Louis"]
[Date "2012.05.09"]
[Round "2"]
[White "Seirawan, Yasser"]
[Black "Hess, Robert L"]
[Result "0-1"]
[WhiteElo "2643"]
[BlackElo "2635"]
[PlyCount "94"]
[EventDate "2012.05.08"]
[EventType "tourn"]
[EventRounds "11"]
[EventCountry "USA"]
[EventCategory "16"]
[SourceTitle "CBM 149"]
[Source "ChessBase"]
[SourceDate "2012.07.17"]
[SourceVersion "1"]
[SourceVersionDate "2012.07.17"]
[SourceQuality "1"]

1. d4 Nf6 2. c4 e6 3. Nc3 Bb4 4. Qc2 0-0 5. a3 Bxc3+ 6. Qxc3 b6 7. Bg5 Bb7 8. f3 c5 9. dxc5 bxc5 10. e3 d6 11. 0-0-0 a5 12. Bxf6 gxf6 13. Ne2 Ra6 14. Nf4 Nd7 15. Nh5 Kh8 16. Be2 Rg8 17. g4 a4 18. Rd2 Rxg4 19. fxg4 Bxh1 20. g5 Be4 21. Bd3 Bxd3 22. Rxd3 e5 23. gxf6 Qg8 24. Qd2 Nb6 25. Qe2 Nd7 26. Qf3 Rb6 27. e4 Qg1+ 28. Rd1 Qxh2 29. Rd2 Qg1+ 30. Rd1 Qg5+ 31. Kc2 Rb3 32. Rd3 Rxd3 33. Kxd3 h6 34. Qf5 Nb6 35. Qxg5 hxg5 36. Ng3 Kh7 37. Nf5 Kg6 38. Nxd6 g4 39. Nb7 Nxc4 40. Nxc5 Nxb2+ 41. Ke2 Kxf6 42. Kf2 Kg6 43. Kg2 Kh5 44. Nd7 Nd3 45. Nb6 Nc5 46. Nc4 Nxe4 47. Nxe5 f5 0-1

[Event "Barcelona Casino"]
[Site "Barcelona"]
[Date "2011.10.16"]
[Round "5"]
[White "Seirawan, Yasser"]
[Black "De la Riva Aguado, Oscar"]
[Result "1/2-1/2"]
[WhiteElo "2652"]
[BlackElo "2541"]
[PlyCount "111"]
[EventDate "2011.10.12"]
[EventType "tourn"]
[EventRounds "9"]
[EventCountry "ESP"]
[EventCategory "14"]
[SourceTitle "CBM 145"]
[Source "ChessBase"]
[SourceDate "2011.11.11"]
[SourceVersion "1"]
[SourceVersionDate "2011.11.11"]
[SourceQuality "1"]

1. d4 d5 2. c4 c6 3. Nf3 Nf6 4. e3 Bg4 5. h3 Bxf3 6. Qxf3 e6 7. Nc3 Nbd7 8. Bd3 Bb4 9. Bd2 0-0 10. 0-0 Re8 11. Qd1 dxc4 12. Bxc4 Nb6 13. Bb3 Bd6 14. Qf3 e5 15. dxe5 Bxe5 16. Rfd1 Qe7 17. a3 Rad8 18. Be1 g6 19. Rxd8 Rxd8 20. Rd1 Rxd1 21. Qxd1 Nfd5 22. Nxd5 Nxd5 23. Bxd5 cxd5 24. Qc2 h5 25. Qc8+ Kh7 26. Bc3 Bxc3 27. Qxc3 b6 28. b4 Qd7 29. f3 Kg8 30. Kf2 Qa4 31. Kg3 Qe8 32. Kf2 Qa4 33. g4 hxg4 34. hxg4 Qd7 35. Qe5 Kh7 36. Kg3 a5 37. f4 axb4 38. axb4 Qb5 39. Qe7 Kg8 40. f5 gxf5 41. gxf5 Qf1 42. f6 Qg1+ 43. Kf4 Qh2+ 44. Kg4 Qg2+ 45. Kf4 Qh2+ 46. Kg4 Qg2+ 47. Kf5 Qf3+ 48. Ke5 Qe4+ 49. Kd6 Qxb4+ 50. Kc6 Qc4+ 51. Kxb6 Qc8 52. Kb5 Qc4+ 53. Kb6 Qc8 54. Kb5 Qc4+ 55. Kb6 Qc8 56. Kb5 1/2-1/2

[Event "Barcelona Casino"]
[Site "Barcelona"]
[Date "2011.10.15"]
[Round "4"]
[White "Oms Pallisse, Josep"]
[Black "Seirawan, Yasser"]
[Result "0-1"]
[WhiteElo "2493"]
[BlackElo "2652"]
[PlyCount "70"]
[EventDate "2011.10.12"]
[EventType "tourn"]
[EventRounds "9"]
[EventCountry "ESP"]
[EventCategory "14"]
[SourceTitle "CBM 145"]
[Source "ChessBase"]
[SourceDate "2011.11.11"]
[SourceVersion "1"]
[SourceVersionDate "2011.11.11"]
[SourceQuality "1"]

1. d4 d6 2. Nf3 Bg4 3. c4 Bxf3 4. exf3 c6 5. Nc3 g6 6. Be2 Bg7 7. Be3 Nf6 8. Qb3 Qc7 9. g4 a5 10. h4 h5 11. 0-0-0 Nbd7 12. Kb1 Nb6 13. d5 Nfd7 14. gxh5 Rxh5 15. f4 Rh8 16. Na4 Nxa4 17. Qxa4 Nc5 18. Qc2 a4 19. Bd2 0-0-0 20. f5 gxf5 21. Qxf5+ e6 22. Qc2 Kb8 23. Bf3 cxd5 24. cxd5 Rc8 25. dxe6 fxe6 26. Bf4 e5 27. Be3 a3 28. b3 e4 29. Be2 Qe7 30. Qd2 Nd3 31. Qa5 Rc5 32. Bxc5 dxc5 33. Bxd3 Qe5 34. Qxa3 Qa1+ 35. Kc2 Qc3+ 0-1

[Event "Vlissingen HZ op 15th"]
[Site "Vlissingen"]
[Date "2011.08.04"]
[Round "7"]
[White "Seirawan, Yasser"]
[Black "Postny, Evgeny"]
[Result "1/2-1/2"]
[WhiteElo "2635"]
[BlackElo "2618"]
[PlyCount "147"]
[EventDate "2011.07.30"]
[EventType "swiss"]
[EventRounds "9"]
[EventCountry "NED"]
[SourceTitle "CBM 143 Extra"]
[Source "ChessBase"]
[SourceDate "2011.08.29"]
[SourceVersion "1"]
[SourceVersionDate "2011.08.29"]
[SourceQuality "1"]

1. d4 d5 2. c4 c6 3. e3 Nf6 4. Nf3 a6 5. Bd3 Bg4 6. Qb3 Bxf3 7. gxf3 Qc7 8. Nc3 e6 9. Bd2 Be7 10. Rc1 dxc4 11. Bxc4 0-0 12. 0-0 Nbd7 13. Rfd1 e5 14. dxe5 Nxe5 15. Be2 Rad8 16. Be1 Qc8 17. Rxd8 Bxd8 18. f4 Ng6 19. Qd1 Nh4 20. Bf1 Bb6 21. Ne2 Rd8 22. Qb3 Bc7 23. Ng3 h5 24. h3 Nf3+ 25. Kg2 Nxe1+ 26. Rxe1 h4 27. Ne2 Ne4 28. Rd1 Rxd1 29. Qxd1 Qxh3+ 30. Kxh3 Nxf2+ 31. Kxh4 Nxd1 32. e4 Nxb2 33. e5 c5 34. Kg4 Nc4 35. Bh3 Nd2 36. Bg2 b5 37. Nc3 b4 38. Ne4 Nxe4 39. Bxe4 c4 40. Bd5 c3 41. Bb3 Kf8 42. Kf5 Ke7 43. Ke4 g6 44. Bc2 Bb6 45. Bb3 Bg1 46. Bc2 Bh2 47. Bb3 Kd7 48. f5 g5 49. e6+ fxe6 50. fxe6+ Ke7 51. Kf5 Bf4 52. Bc2 Bd2 53. Bb3 Bc1 54. Bc2 Be3 55. Bb3 a5 56. Bc2 Bc1 57. Ba4 Bd2 58. Bb3 Bf4 59. Ba4 Be3 60. Bb3 Bf4 61. Ba4 Bd6 62. Bb3 Kd8 63. Kxg5 Kc7 64. Ba4 Kb6 65. Kf5 Kc5 66. Ke4 Kc4 67. Ke3 Be7 68. Ke2 Bg5 69. Kd1 Kd3 70. Bb5+ Kd4 71. Kc2 Kd5 72. Bd7 Kc4 73. Ba4 Be7 74. Bd7 1/2-1/2

[Event "Vlissingen HZ op 15th"]
[Site "Vlissingen"]
[Date "2011.08.03"]
[Round "6"]
[White "Seirawan, Yasser"]
[Black "Van Haastert, Edwin"]
[Result "1/2-1/2"]
[WhiteElo "2635"]
[BlackElo "2421"]
[PlyCount "90"]
[EventDate "2011.07.30"]
[EventType "swiss"]
[EventRounds "9"]
[EventCountry "NED"]
[SourceTitle "CBM 143 Extra"]
[Source "ChessBase"]
[SourceDate "2011.08.29"]
[SourceVersion "1"]
[SourceVersionDate "2011.08.29"]
[SourceQuality "1"]

1. d4 Nf6 2. c4 g6 3. Nc3 d5 4. cxd5 Nxd5 5. e4 Nxc3 6. bxc3 Bg7 7. Bc4 0-0 8. Ne2 c5 9. 0-0 Nc6 10. Be3 Qc7 11. Rc1 b6 12. Qd2 e6 13. Bh6 Bb7 14. Bxg7 Kxg7 15. Qe3 Na5 16. Bd3 Rac8 17. h4 Qe7 18. Qg3 cxd4 19. cxd4 Rxc1 20. Rxc1 Rc8 21. Rxc8 Bxc8 22. h5 Bb7 23. hxg6 hxg6 24. Nf4 Nc6 25. d5 exd5 26. exd5 Qe1+ 27. Kh2 Ne5 28. Be2 Qa1 29. Nh5+ Kh8 30. Nf6 Kg7 31. Qg5 Nf3+ 32. Bxf3 Qxf6 33. Qg3 Qf5 34. Qd6 g5 35. Qb4 Qe5+ 36. g3 Kf6 37. Qd2 Bc8 38. Bg2 Bd7 39. Qb4 Qe7 40. Qc3+ Qe5 41. Qa3 Qf5 42. Qxa7 Qh7+ 43. Kg1 Qb1+ 44. Kh2 Qh7+ 45. Kg1 Qb1+ 1/2-1/2

[Event "Vlissingen HZ op 15th"]
[Site "Vlissingen"]
[Date "2011.07.31"]
[Round "3"]
[White "Fernandez, Daniel Howard"]
[Black "Seirawan, Yasser"]
[Result "1/2-1/2"]
[WhiteElo "2328"]
[BlackElo "2635"]
[PlyCount "66"]
[EventDate "2011.07.30"]
[EventType "swiss"]
[EventRounds "9"]
[EventCountry "NED"]
[SourceTitle "CBM 143 Extra"]
[Source "ChessBase"]
[SourceDate "2011.08.29"]
[SourceVersion "1"]
[SourceVersionDate "2011.08.29"]
[SourceQuality "1"]

1. e4 c6 2. d4 d5 3. Nc3 dxe4 4. Nxe4 Nd7 5. Qe2 Ndf6 6. c3 Nxe4 7. Qxe4 Nf6 8. Qc2 Bg4 9. Bd3 Bh5 10. Ne2 Bg6 11. Bg5 e6 12. Bxg6 hxg6 13. 0-0-0 Qd5 14. Bxf6 gxf6 15. Kb1 Qxg2 16. Ng3 0-0-0 17. c4 f5 18. d5 Bc5 19. dxe6 fxe6 20. Qe2 Qxf2 21. Qxe6+ Kc7 22. Qe5+ Kb6 23. Qc3 a5 24. a3 Rxd1+ 25. Rxd1 Rxh2 26. Rd7 Ka6 27. Rd8 b6 28. Ra8+ Kb7 29. Rd8 Ka6 30. Ra8+ Kb7 31. Rd8 Ka6 32. Ra8+ Kb7 33. Rd8 Ka6 1/2-1/2